Highest Grossing Movies of 2003 - Statistics

General Stats
  • This quiz has been taken 73 times
  • The average score is 8 of 51
Answer Stats
Rank Gross Movie Company % Correct
2 $940,300,000 Finding Nemo Disney – Pixar
83%
1 $1,119,900,000 The Lord of the Rings: The Return of the King New Line Cinema
76%
4 $654,300,000 Pirates of the Caribbean: The Curse of the Black Pearl Walt Disney Pictures
55%
15 $245,400,000 Hulk Universal – Marvel Studios
52%
9 $407,700,000 X2: X-Men United 20th Century Fox – Marvel Studios
48%
28 $179,200,000 Daredevil 20th Century Fox – Marvel Studios
38%
3 $742,100,000 The Matrix Reloaded Warner Bros. Pictures
38%
8 $427,300,000 The Matrix Revolutions Warner Bros. Pictures
38%
26 $180,900,000 Kill Bill: Volume 1 Miramax Films
31%
5 $484,600,000 Bruce Almighty Universal Pictures
28%
17 $231,400,000 American Wedding Universal Pictures
24%
36 $156,800,000 Mystic River Warner Bros. Pictures
24%
18 $220,700,000 Scary Movie 3 Dimension Films
21%
16 $236,300,000 2 Fast 2 Furious Universal Pictures
17%
23 $195,700,000 Anger Management Columbia Pictures
17%
19 $220,400,000 Elf New Line Cinema
17%
42 $133,900,000 The Cat in the Hat Universal Pictures – DreamWorks
17%
10 $273,300,000 Bad Boys II Columbia Pictures
14%
48 $114,900,000 Freddy vs. Jason New Line Cinema
14%
13 $250,400,000 Brother Bear Walt Disney Pictures
10%
12 $259,100,000 Charlie's Angels: Full Throttle Columbia Pictures
10%
24 $190,200,000 Cheaper by the Dozen 20th Century Fox
10%
20 $212,000,000 Master and Commander: The Far Side of the World 20th Century Fox – Miramax
10%
45 $122,000,000 Peter Pan Universal – Columbia Pictures
10%
43 $131,300,000 School of Rock Paramount Pictures
10%
7 $433,400,000 Terminator 3: Rise of the Machines Warner Bros. – Columbia Pictures
10%
29 $177,400,000 How to Lose a Guy in 10 Days Paramount Pictures
7%
47 $119,700,000 Lost in Translation Focus Features
7%
22 $197,000,000 Spy Kids 3: Game Over Dimension Films
7%
33 $164,400,000 Daddy Day Care Columbia Pictures
3%
39 $141,600,000 Gothika Warner Bros. Pictures
3%
37 $156,500,000 Lara Croft: Tomb Raider – The Cradle of Life Paramount Pictures
3%
14 $246,900,000 Love Actually Universal Pictures
3%
25 $182,300,000 The Haunted Mansion Walt Disney Pictures
3%
30 $176,100,000 The Italian Job Paramount Pictures
3%
41 $135,700,000 The Jungle Book 2 Walt Disney Pictures
3%
6 $456,800,000 The Last Samurai Warner Bros. Pictures
3%
27 $179,300,000 The League of Extraordinary Gentlemen 20th Century Fox
3%
49 $107,100,000 The Texas Chainsaw Massacre New Line Cinema
3%
32 $164,700,000 Bringing Down the House Touchstone Pictures
0%
31 $173,000,000 Cold Mountain Miramax Films
0%
34 $160,800,000 Freaky Friday Walt Disney Pictures
0%
46 $120,200,000 Intolerable Cruelty Universal Pictures
0%
35 $160,500,000 Johnny English Universal Pictures
0%
50 $101,500,000 Just Married 20th Century Fox
0%
44 $124,900,000 Legally Blonde 2: Red, White & Blonde Metro-Goldwyn-Mayer
0%
40 $141,300,000 Mona Lisa Smile Columbia Pictures
0%
38 $148,300,000 Seabiscuit Universal Pictures – DreamWorks
0%
11 $266,000,000 Something's Gotta Give Warner Bros. – Columbia Pictures
0%
21 $207,200,000 S.W.A.T. Columbia Pictures
0%
51 $101,200,000 The Recruit Touchstone Pictures
0%
No matching quizzes found
Score Distribution
Percent of People with Each Score
Percentile by Number Answered
Your Score History
You have not taken this quiz